| 000 | 03065cam a2200565Ka 4500 | ||
|---|---|---|---|
| 001 | 99209 | ||
| 005 | 20230410143341.0 | ||
| 008 | 090408s2009 sz d b i000 0 spa d | ||
| 035 | _a(OCoLC)ocn318030722 | ||
| 040 |
_aIL# _cIL# _dBNM _dBTCTA _dYDXCP |
||
| 019 | _a232978938 | ||
| 020 | _a9789223201623 | ||
| 020 | _a9223201624 | ||
| 035 |
_a(OCoLC)318030722 _z(OCoLC)232978938 |
||
| 072 | 7 |
_a13.04.2 _2ilot |
|
| 049 | _aGRAL | ||
| 050 | 1 | 4 | _aS456 2009 |
| 245 | 0 | 3 |
_aLa seguridad y la salud en las minas de carbón subterraneas : _brepertorio de recomendaciones practicas de la OIT / _cOrganización Internacional del Trabajo. |
| 260 |
_aGinebra : _bOIT, _c2009. |
||
| 300 |
_axxviii, 399 p. : _bestadisticas |
||
| 504 | _aReferences. | ||
| 505 | 0 | _aGeneral provisions -- Industry characteristics -- Pt. 1. National framework -- General duties -- Occupational safety and health management systems: reporting, recording and notification of work-related injuries and diseases, ill health and incidents: occupational health services -- Part. 2. Methodology for identifying hazards and addressing risks -- Prevention and protection -- Pt. 3. Provisions for safe underground coalmining operations -- General physical, chemical, safety and ergonomic hazards -- Flammable coal dust -- respirable dust -- Mine fires -- Inrushes of water, gas or other material -- Electricity -- Machinery and plant (equipment) -- Explosives and shotfiring -- Surface buildings, other surface structures and surface roads -- Surveyors and plans -- Commencement and cessation of mining operations -- Means of access and egress, including hoisting of persons and material -- Roads -- Haulage and transport -- Support of roof and walls -- Ventilation -- Sudden outbursts of coal, methane or other harmful gases -- Lamps and lighting -- Competence, education and training -- Personal protective equipment (PPE) -- Contingency, emergency preparedness and rescue -- Work organization -- Safety and health committees -- Special protection -- Personal hygiene. | |
| 650 | 1 | 7 |
_aoccupational safety _2ilot |
| 650 | 1 | 7 |
_aoccupational health _2ilot |
| 650 | 1 | 7 |
_acoal mining _2ilot |
| 650 | 1 | 7 |
_aunderground work _2ilot |
| 650 | 1 | 7 |
_asecurite du travail _2tbit |
| 650 | 1 | 7 |
_asante au travail _2tbit |
| 650 | 1 | 7 |
_ahouilláere _2tbit |
| 650 | 1 | 7 |
_atravaux souterrains _2tbit |
| 650 | 1 | 7 |
_aseguridad en el trabajo _2toit |
| 650 | 1 | 7 |
_asalud en el trabajo _2toit |
| 650 | 1 | 7 |
_aminas de carbón _2toit |
| 650 | 1 | 7 |
_atrabajos subterraneos _2toit |
| 655 | 7 |
_acode of practice _2ilot |
|
| 655 | 7 |
_aILO pub _2ilot |
|
| 655 | 7 |
_arecueil de directives _2tbit |
|
| 655 | 7 |
_apub OIT _2tbit |
|
| 655 | 7 |
_arepertorio de recomendaciones practicas _2toit |
|
| 655 | 7 |
_apub OIT _2toit |
|
| 650 | 7 |
_aMinas de carbón _xMedidas de seguridad. |
|
| 710 | 2 | _aInternational Labour Office. | |
| 775 | 0 | _eeng | |
| 775 | 0 | _efre | |
| 938 |
_aBaker and Taylor _bBTCP _nBK0007850876 |
||
| 938 |
_aYBP Library Services _bYANK _n2836771 |
||
| 942 |
_2lcc _cbk |
||
| 946 | _aFHM | ||
| 994 |
_aC0 _bDRFGD |
||
| 999 |
_c100065 _d100065 |
||